ECW World Heavyweight Champions - Statistics

General Stats
  • This quiz has been taken 2,071 times
  • The average score is 17 of 32
Answer Stats
Number of Reigns Answer % Correct
30 * 1 Rob Van Dam
89%
12 2 Tommy Dreamer
88%
1 5 The Sandman
86%
10 2 Sabu
83%
4 2 Taz
74%
14 * 1 The Big Show
73%
3 2 Raven
71%
15 * 1 CM Punk
68%
9 * 2 Bobby Lashley
66%
5 * 2 Christian
66%
2 4 Shane Douglas
63%
6 2 Terry Funk
60%
19 * 1 Kane
57%
7 2 Mike Awesome
56%
16 * 1 Matt Hardy
55%
22 * 1 John Morrison
52%
32 * 1 Ezekiel Jackson
51%
23 * 1 Chavo Guerrero
50%
13 1 Justin Credible
48%
21 * 1 Mark Henry
48%
18 1 Rhino
48%
29 * 1 Vince McMahon
48%
26 1 Mikey Whipwreck
43%
17 * 1 Jack Swagger
42%
11 ** 2 Jimmy Snuka
36%
25 1 Bam Bam Bigelow
35%
31 1 Masato Tanaka
33%
28 1 Jerry Lynn
31%
24 1 Steve Corino
29%
8 ** 2 Don Muraco
17%
27 ** 1 Tito Santana
13%
20 ** 1 Johnny Hotbody
11%
No matching quizzes found
Score Distribution
Percent of People with Each Score
Percentile by Number Answered
Your Score History
You have not taken this quiz